Statistics for Postpunk Bands by Song/Album Title

Click here to take the quiz!

General Stats

  • This quiz has been taken 81 times
    (78 since last reset)
  • The average score is 13 of 30

Answer Stats

HintAnswer% Correct
Transmission, Closer, She's Lost ControlJoy Division
94%
Killing An Arab, Seventeen Seconds, Boys Don't CryThe Cure
85%
Jigsaw Feeling, Hong Kong Garden, ChristineSiouxsie & The Banshees
74%
The Light Pours Out of Me, Song From Under the Floorboards, Shot By Both SidesMagazine
71%
Anthrax, Outside the Train's Don't Run on Time, Damaged GoodsGang Of Four
68%
Outdoor Miner, Map Ref. 41°N 93°W, I Am the FlyWire
66%
Nick the Stripper, Prayers on Fire, The Bad SeedBirthday Party
63%
Rowche Rumble, Totally Wired, Bingo-Master's Break-Out!The Fall
63%
Terror Couple Kill Colonel, In the Flat Field, Kick In the EyeBauhaus
61%
Fodderstompf, Death Disco, PoptonesPublic Image Limited
61%
Final Solution, Non-Alignment Pact, Misery GoatsPere Ubu
53%
Love Und Romance, Shoplifting, Typical GirlsSlits
48%
Academy Fight Song, Vs., That's When I Reach for My RevolverMission Of Burma
45%
Do the Mussolini (Headkick!), Red Mecca, Nag Nag NagCabaret Voltaire
39%
Choci Loni, Final Day, Colossal YouthYoung Marble Giants
39%
Y, We Are All Prostitutes, She Is Beyond Good and EvilThe Pop Group
35%
Playing With a Different Sex, Come Again, Sex Without StressAu Pairs
34%
Sorry For Laughing, It's Kinda Funny, Chance MeetingJosef K
32%
Political Song for Michael Jackson to Sing, Futurism Restated, CoronaMinutemen
32%
Odyshape, In Love, Fairytale in the SupermarketThe Raincoats
31%
Action Time Vision, Vibing Up the Senile Man, Viva La Rock 'n' RollAlternative TV
26%
Skank Bloc Bologna, Jacques Derrida, MesstheticsScritti Politti
26%
Adrenalin, Subhuman, Hamburger LadyThrobbing Gristle
24%
Work All Week, Where Were You?, The Quality of Mercy Is Not StrnenMekons
21%
Half Machine Lip Moves, Firebomb, Alien SoundtracksChrome
19%
Anticipation, Try, Mind Your Own BusinessDelta 5
19%
Love Canal, Ha Ha Ha, Sex BombFlipper
19%
Die Matrosen, Ain't You, Hedi's HeadLiliput
18%
Orphans, Red Alert, Queen of SiamTeenage Jesus/Lydia Lunch
18%
Aerosol Burns, Music Is a Better Noise, Beat Rhythm NewsEssential Logic
15%

Score Distribution

Percentile by Number Answered

Percent of People with Each Score

Your Score History

You have not taken this quiz since the last reset